000 00576nam a2200193 4500
001 123540
003 ES-MaACL
005 20230906192206.0
007 t|
008 070214s1969 sp r ||||1| spa d
245 0 0 _aQuímica
_b: investigación de laboratorio /
_ctraducción José Beltrán.
260 _aBarcelona :
_bReverté,
_c1969.
300 _a3 v., 6 lám. :
_bil. ;
_c26 cm.
490 1 _aNuffield foundation
700 1 _aBeltrán, José.
_927340
830 0 _aNuffield foundation
_9186595
852 _aES-MaACL
_jP-1516
_bR.73105
999 _c123540
_d123540